000 00636nam a2200205Ii 4500
003 JO-AjNU
008 230605s9999||||xx |||||||||||||| ||und||
040 _aJO-AjNU
_bara
_erda
_cJO-AjNU
041 _aara
050 1 4 _aKBP440.25.K4.K45.2010
100 3 _a خلاف، عبد الوهاب ,
_eauthor
_945060
245 0 0 _aعلم أصول الفقة
250 _aط3
264 3 1 _aبيروت : دار الكتب العلمية ، 2010
300 _a190ص
336 _atext
_btxt
_2rdacontent
337 _aunmediated
_bn
_2rdamedia
338 _avolume
_bnc
_2rdacarrier
650 4 _aأصول الفقة الاسلامي
_945061
999 _aA19505
_c23073
_d23073